| Tag |
First Indicator |
Second Indicator |
Subfields |
| LEADER |
00000cam a2200000 4500 |
| 001 |
in00000061525 |
| 005 |
20151007082824.0 |
| 008 |
740802m19261938 eng u |
| 010 |
|
|
|a 27013392
|
| 035 |
|
|
|a (OCoLC)00972090
|
| 035 |
|
|
|9 AAF8453AM
|
| 040 |
|
|
|c ITD
|d TXA
|d UtOrBLW
|
| 049 |
|
|
|a TXAM
|v 1 [226665]
|
| 050 |
0 |
0 |
|a HC255
|b .C55
|
| 092 |
|
|
|a 330.942
|b C588e
|
| 100 |
1 |
|
|a Clapham, J. H.
|q (John Harold),
|c Sir,
|d 1873-1946.
|
| 245 |
1 |
3 |
|a An economic history of modern Britain ... /
|c by J. H. Clapham...
|
| 264 |
|
1 |
|a Cambridge [England] :
|b The University press,
|c 1926-38.
|
| 300 |
|
|
|a 3 volumes :
|b maps (part folded) diagrams ;
|c 25 cm.
|
| 336 |
|
|
|a text
|b txt
|2 rdacontent
|
| 337 |
|
|
|a unmediated
|b n
|2 rdamedia
|
| 338 |
|
|
|a volume
|b nc
|2 rdacarrier
|
| 500 |
|
|
|a Folded map in pocket at end of volume 2.
|
| 504 |
|
|
|a Bibliographical foot-notes.
|
| 505 |
0 |
|
|a [v. 1] The early railway age, 1820-1850.--[v. 2] Free trade and steel, 1850-1886--[v. 3] Machines and national rivalries (1887-1914) with an epilogue (1914-1929)
|
| 536 |
|
|
|a Templeton Memorial Freedom Collection, in memory of Ben ('50) and Patsy Jo Templeton.
|
| 651 |
|
0 |
|a Great Britain
|x Economic conditions.
|
| 650 |
|
0 |
|a Industries
|z Great Britain
|x History.
|
| 999 |
|
|
|a MARS
|
| 999 |
f |
f |
|s 5e82152c-81f0-3d5e-ade8-e4d950f695a5
|i 298e886e-933a-3927-bac8-60d01ab6a3bb
|t 0
|
| 952 |
f |
f |
|p ric
|a Texas A&M University
|b Rellis Campus
|c Joint Library Facility
|d Remote Storage
|t 0
|e HC255 .C55
|h Library of Congress classification
|i unmediated -- volume
|k v.1
|m A14800700796
|
| 998 |
f |
f |
|a HC255 .C55
|s v.1
|t 0
|l Remote Storage
|